Statistics for World War I Casualties

Click here to take the quiz!

General Stats

  • This quiz has been taken 2,088 times
  • The average score is 18 of 22

Answer Stats

DeathsCountry% Correct
1,737,800French Third Republic
99%
2,800,720German Empire
99%
3,394,369Russian Empire
99%
1,012,075United Kingdom of Great Britain and Ireland
98%
117,465United States of America
97%
2,081,200Austro-Hungarian Empire
96%
1,243,400Kingdom of Italy
94%
3,271,844Ottoman Empire
94%
64,997Dominion of Canada
89%
4,661Empire of Japan
89%
62,081Commonwealth of Australia
85%
144,337Kingdom of Belgium
85%
176,000Kingdom of Greece
81%
1,250,000Kingdom of Serbia
81%
187,500Kingdom of Bulgaria
79%
665,706Kingdom of Romania
78%
18,053Realm of New Zealand
74%
73,895British Raj
73%
89,222First Portuguese Republic
70%
9,592Union of South Africa
63%
13,325Kingdom of Montenegro
49%
1,570Dominion of Newfoundland
26%

Score Distribution

Percentile by Number Answered

Percent of People with Each Score

Your Score History

You have not taken this quiz